01140nam a2200217 a 4500008004100000020001800041041000800059100002000067245009400087250005900181260005900240300002700299500015300326653003400479653005300513653009300566653007900659653008000738653004400818653006000862110706s2011 sp il. f |||| 001 0 spa d a9789500602617 aspa1 aFreund, Mathias aHematología.bGuía práctica para el diagnóstico microscópico /cMathias Freund  a11a ed. revisadabTraducción María Inés Gismondi aBuenos Aires:bEditorial Médica Panamericana;c2010. a142 p.bil.c24x17 cm. aFreund, M. (2010). Hematología. Guía práctica para el diagnóstico microscópico. (11a ed.). Buenos Aires : Editorial Médica Panamericana. aObtención de los preparados aEsquema de las principales estructuras celulares aMorfología y composición normal de las células de la sangrey de la médula ósea aDiferenciación de las células normales de la sangre y la medula ósea aMorfología de los cambios patológicos en la sangre y la médula ósea aTumores sólidos en la médula ósea aMétodos de tinción y técnicas inmunocitológicas